El poder de decisión en las grandes sociedades : evolución y perspectivas /

Compilación de ponencias en torno al poder de decisión en las sociedades, con el fin último de entender los cambios producidos en el entorno empresarial español por la globalización económica. Algunos de los temas abordados se refieren a las multinacionales, a la ética en los negocios, en particular...

Cur síos iomlán

Sábháilte in:
Sonraí bibleagrafaíochta
Údar corparáideach: Jornadas de la Especialidad Jurídico Económica ( Universidad de Deusto, Facultad de Derecho)
Formáid: Imeacht comhdhála LEABHAR
Teanga:Spáinnis
Foilsithe / Cruthaithe: Bilbao, España : Universidad de Deusto, 1995, c1995
Sraith:(Economía ; 22)
Ábhair:
Clibeanna: Cuir clib leis
Níl clibeanna ann, Bí ar an gcéad duine le clib a chur leis an taifead seo!

MARC

LEADER 00000nam^a2200000^a^4500
001 000136002
005 20250521000000.0
009 20260310095304.742
020 |a 84-7485-396-6 
037 |a Acervo ITESO - Biblioteca 
041 |a ESP 
082 |a 338. 7  |b JOR 1995 
111 |a Jornadas de la Especialidad Jurídico Económica (  |n VI :  |d 1995 ;  |c Universidad de Deusto, Facultad de Derecho) 
245 1 3 |a El poder de decisión en las grandes sociedades :  |b evolución y perspectivas /  |c Jornadas de la Especialidad Jurídico Económica ; Introd. de Alejandro Martínez Charterina. 
264 4 |a Bilbao, España :  |b Universidad de Deusto,  |c 1995, c1995 
300 |a 119 p. 
336 |a texto  |b txt  |2 rdacontenido 
337 |a sin mediación  |b n  |2 rdamedio 
338 |a volumen  |b nc  |2 rdasoporte 
440 1 |a (Economía ;  |v 22) 
520 |a Compilación de ponencias en torno al poder de decisión en las sociedades, con el fin último de entender los cambios producidos en el entorno empresarial español por la globalización económica. Algunos de los temas abordados se refieren a las multinacionales, a la ética en los negocios, en particular en los negocios italianos; también habla sobre el control de la sociedad privatizada y sus efectos, los accionistas y el gobierno de las sociedades y las empresas públicas. 
649 |a XX 
650 |a Empresas -  |x Congresos 
650 |a Empresas -  |x Diagnóstico 
650 |a Toma de Decisiones -  |x Congresos -  |x Tema Principal 
650 |a Etica en los Negocios 
650 |a Empresarios 
650 |a Empresas Comerciales 
650 |a Sociedades Anónimas 
650 |a Paraestatales 
650 |a Toma de Decisiones 
650 |a Juegos 
650 |a Empresas -  |x Administración 
650 |a Transnacionales 
650 |a Crisis Económica 
650 |a Derecho Mercantil 
650 |a Empresas -  |z Italia -  |x Administración 
650 |a Empresas -  |z España -  |x Administración 
910 |a Fondo General 
920 |a Impresos - Libros 
930 |a Colección General 
905 |a 101 
901 |a 0500064866  |b IT1  |c ACC  |u 20250521 
902 |a https://opac.biblio.iteso.mx/vufind/Record/000136002